[Event "2008 WA Championship"]
[Site "Legacy House"]
[Date "2008.08.24"]
[Round "8"]
[White "Seah, Eddy"]
[Black "Viswanath, Ganesh"]
[Result "0-1"]
[WhiteElo "1896"]
[BlackElo "1812"]

1.e4 c5 2.Nf3 d6 3.d4 cxd4 4.Nxd4 Nf6 5.Nc3 Nc6 6.Bc4 e5 7.Nxc6 bxc6 8.O-O Be6 9.Bxe6 fxe6 
10.f4 exf4 11.Rxf4 e5 12.Rf1 Qb6+ 13.Kh1 Be7 14.Qe2 O-O 15.Rb1 Ng4 16.h3 Rxf1+ 17.Qxf1 Rf8 
18.Qc4+ d5 19.exd5 Qd4 20.Qe2 Bc5 21.Bd2 Nf2+ 22.Kh2 e4 23.dxc6 e3 24.Bxe3 Qe5+ 25.g3 Bxe3 
26.Qc4+ Kh8 27.c7 Qf5 0-1 {Time}

[Event "2008 WA Championship"]
[Site "Legacy House"]
[Date "2008.08.24"]
[Round "8"]
[White "Dempster, Dave"]
[Black "Dunlop, Gordon"]
[Result "1/2-1/2"]
[WhiteElo "1919"]
[BlackElo "1889"]

1.e4 c5 2.Nf3 d6 3.c3 Nf6 4.Be2 g6 5.O-O Bg7 6.Bb5+ Bd7 7.Bxd7+ Nbxd7 8.Re1 O-O 9.d4 e6 
10.Na3 a6 11.Bf4 cxd4 12.cxd4 d5 13.exd5 Nxd5 14.Bd6 Re8 15.Nc4 Rc8 16.Nce5 Nxe5 17.dxe5 
Qd7 18.Qd2 Nb6 19.b3 Red8 20.Rad1 Nd5 21.Rc1 Rxc1 22.Rxc1 Rc8 23.Rc4 b5 24.Rc2 Nb6 25.Qc1 
Rxc2 26.Qxc2 Qc8 27.Qxc8+ Nxc8 28.Bc5 Bf8 29.b4 Ne7 30.Nd4 Nd5 31.a3 Bh6 32.g3 Bc1 33.Nc2 
Nc3 34.Kf1 Nb1 35.Ke2 Nxa3 36.Kd1 Bb2 37.Nxa3 Bxa3 38.Kc2 a5 39.Kb3 axb4 40.Bxb4 Bc1 41.Bc3 
h5 42.h3 Bg5 43.Kb4 f6 44.h4 Bh6 45.exf6 Kf7 46.f4 Bf8+ 47.Kxb5 Ba3 48.Kc4 Bd6 49.Bb2 Bc7 
50.Kb5 Bd8 51.Be5 Bxf6 52.Kc6 Be7 53.Bc3 Ba3 54.Kb5 Bc1 55.Kc4 Be3 56.Bd4 Bd2 57.Bf2 Kf6 
58.Kd3 Ba5 59.Ke4 Bb4 60.Bd4+ Ke7 61.Be5 Kd7 62.Bd4 Be1 63.Kf3 Kd6 64.Bf6 Kd5 65.g4 Bb4 1/2-1/2

[Event "2008 WA Championship"]
[Site "Legacy House"]
[Date "2008.08.24"]
[Round "8"]
[White "Vlietstra, Marc"]
[Black "Choong, Yita"]
[Result "0-1"]
[WhiteElo "1922"]
[BlackElo "1969"]

1.e4 c5 2.Nf3 d6 3.d4 cxd4 4.Nxd4 Nf6 5.Nc3 a6 6.Bg5 e6 7.f4 b5 8.e5 dxe5 9.fxe5 Qc7 
10.Bxf6 gxf6 11.Qf3 Qxe5+ 12.Be2 Ra7 13.O-O-O Bc5 14.Rhe1 Bxd4 15.Bxb5+ axb5 16.Rxe5 
Bxe5 17.a3 Bd7 18.g3 Ke7 19.Qd3 Na6 20.Nxb5 Bxb5 21.Qxb5 Rb8 22.Qa4 Bxb2+ 23.Kd2 Rbb7 
24.Qe4 f5 25.Qh4+ Bf6 26.Qxh7 Nc5 27.Ke2 Rb8 28.Qh6 Ne4 29.Rd3 Rc7 30.Qe3 Rxc2+ 31.Kd1 
Rbb2 32.Rb3 Nc3+ 33.Rxc3 Bxc3 34.Qc5+ Kf6 35.Qc8 Rd2+ 36.Kc1 Rbc2+ 37.Kb1 Rxh2 38.Qd8+ 
Kg6 39.g4 Rb2+ 40.Kc1 Rh1+ 0-1

[Event "2008 WA Championship"]
[Site "Legacy House"]
[Date "2008.08.24"]
[Round "8"]
[White "Jahangirian, Mohammad"]
[Black "Ellis, David"]
[Result "0-1"]
[WhiteElo "1673"]
[BlackElo "1939"]

1.e4 e6 2.d4 d5 3.Nd2 Nf6 4.e5 Nfd7 5.f4 c5 6.c3 Nc6 7.Ndf3 cxd4 8.cxd4 Nb6 9.a3 a5 
10.Bd3 Bd7 11.Ne2 a4 12.O-O g6 13.Nc3 Na5 14.Nd2 h5 15.h3 Rc8 16.Qe2 Nbc4 17.Nf3 Qb6 
18.Rb1 Be7 19.Qf2 Qa7 20.Kh2 Nxa3 21.bxa3 Rxc3 22.Bb5 Nb3 23.Bxd7+ Kxd7 24.Bb2 Rc7 
25.Ng5 Bxg5 26.fxg5 Kc8 27.Qe3 Rd8 28.Rbd1 Rdd7 29.Bc3 Rc4 30.Rf4 b5 31.Bb4 Kb7 
32.Qf2 Ka6 33.Rd3 Rc6 34.Rdf3 Rcc7 35.Bd6 Rb7 36.Rc3 Na5 37.Bc5 Qb8 38.Rcf3 Qe8 
39.Qc2 Rdc7 40.Qd3 Nc4 41.Qe2 Na5 42.Rf6 Nc6 43.Rf1 Ne7 44.Rxf7 Nf5 45.Rxc7 Rxc7 
46.g4 hxg4 47.Qxg4 Ne3 48.Qe2 Nxf1+ 49.Qxf1 Rf7 50.Qd3 Rf2+ 51.Kg3 Qf7 52.Qe3 Rb2 
53.Bb4 Rb3 54.Bc3 Qc7 55.Kg4 Qxc3 0-1

[Event "2008 WA Championship"]
[Site "Legacy House"]
[Date "2008.08.24"]
[Round "8"]
[White "Booth, Guy"]
[Black "Holland, Dennis"]
[Result "1/2-1/2"]
[WhiteElo "1554"]
[BlackElo "1792"]

1.e4 e6 2.d4 d5 3.Nc3 dxe4 4.Nxe4 Nd7 5.Nf3 Ngf6 6.Bd3 Be7 7.b3 Nxe4 8.Bxe4 Nf6 9.Bd3 O-O 
10.Bb2 Nd5 11.c3 c5 12.Qc2 g6 13.O-O-O cxd4 14.Nxd4 Bd7 15.Kb1 Rc8 16.Bc4 Qa5 17.Qd2 Bg5 
18.Qe1 Rfe8 19.h4 Bf6 20.h5 g5 21.Qd2 h6 22.g3 e5 23.Ne2 Bf5+ 24.Ka1 Nb6 25.Bd3 Rcd8 26.Qe3 
e4 27.Bb1 Nd5 28.Qc1 Bg4 29.b4 Qa6 30.Rxd5 Rxd5 31.Nd4 Bxd4 32.cxd4 Bf3 33.Re1 Qc6 34.Qd2 Qb6 
35.Bc2 g4 36.Bb3 Rxh5 37.d5 Rh2 38.Qc3 Kf8 39.Qg7+ Ke7 40.Rc1 Qg6 41.Rc7+ Kd8 42.Qc3 Rh1+ 
43.Bc1 Qd6 44.Rc8+ Ke7 45.Rc7+ Kd8 46.Rc8+ Ke7 1/2-1/2

[Event "2008 WA Championship"]
[Site "Legacy House"]
[Date "2008.08.24"]
[Round "8"]
[White "Tomic, Nedeljko"]
[Black "Johnstone, Ray"]
[Result "0-1"]
[WhiteElo "1850"]
[BlackElo "1758"]

1.d4 d5 2.Nc3 Nc6 3.e4 e6 4.e5 f6 5.Bd3 Nxd4 6.Qh5+ Kd7 7.Be3 c5 8.Bxd4 cxd4 9.Nb5 Qa5+ 
10.Kf1 g6 11.Qe2 f5 12.Nxd4 Nh6 13.Ngf3 Bg7 14.Ng5 Ke7 15.Nb5 Bd7 16.Nd6 Ng4 17.Nf3 Qc7 
18.h3 Nxe5 19.Nxe5 Qxd6 20.Nf3 e5 21.c3 e4 22.Bc2 Qb6 23.a4 Qxb2 24.Rb1 Qxc3 25.Rxb7 Rhb8 
26.Rxb8 Rxb8 27.Ne1 Qa5 28.Qd1 d4 29.Qa1 Bf6 30.Qa3+ Qb4 31.Qc1 Qc3 32.Qf4 Rb6 33.h4 d3 
34.Rh3 Qe5 35.Nxd3 Qxf4 36.Nxf4 Rb2 37.Nd5+ Ke6 38.Nxf6 Kxf6 39.Rc3 Rb7 40.Rc5 Ke6 41.Ke2 
Kf6 42.Kd2 Ke6 43.g3 Kd6 44.Rc3 Rb4 45.Ra3 Kc5 46.Rc3+ Kd6 47.a5 Rb5 48.Ra3 Be6 49.Kc3 Kc7 
50.Kd4 Kb7 51.Ke3 Ka6 52.Rc3 Kb7 53.a6+ Kxa6 54.Bd1 Kb6 55.Kf4 h6 56.g4 fxg4 57.Kxe4 Bf5+ 
58.Kf4 Rb4+ 59.Ke5 Rb2 60.Rb3+ Rxb3 61.Bxb3 a5 62.h5 Bd3 63.Kd4 Bb1 64.Bf7 gxh5 65.Bxh5 Bf5 
66.Be8 Bc2 67.Kc3 Bd1 68.Bh5 g3 0-1

[Event "2008 WA Championship"]
[Site "Legacy House"]
[Date "2008.08.24"]
[Round "8"]
[White "Boni, Christopher"]
[Black "Pavlovic, Mick"]
[Result "1-0"]
[WhiteElo "1391"]
[BlackElo "1518"]

1.d4 Nf6 2.c4 c5 3.d5 b5 4.cxb5 a6 5.bxa6 Bxa6 6.Nc3 d6 7.g3 g6 8.Bg2 Bg7 9.Nf3 Qb6 
10.O-O O-O 11.Re1 Nbd7 12.e4 Qc7 13.Bf4 Ne8 14.Qd2 Nb6 15.Bh6 Nc4 16.Qc1 Rb8 17.Bxg7 
Kxg7 18.b3 Nb6 19.Qb2 Kg8 20.e5 Qb7 21.exd6 exd6 22.Ng5 h6 23.Nh3 Ng7 24.Qd2 Kh7 25.Qf4 
Qd7 26.Ne4 f5 27.Nxd6 Rbd8 28.Nc4 Nxd5 29.Qe5 Nb4 30.Qxc5 Nd3 31.Qb6 Bxc4 32.Red1 Qb5 
33.Qe3 Rfe8 34.bxc4 Qxc4 35.Qb6 Rd4 36.Rd2 Nc1 37.Bf1 Qc3 38.Qxd4 1-0

[Event "2008 WA Championship"]
[Site "Legacy House"]
[Date "2008.08.24"]
[Round "8"]
[White "Cuellar, Chris"]
[Black "Vahala, Karel"]
[Result "1-0"]
[WhiteElo "1556"]
[BlackElo "1149"]

1.e4 d6 2.d4 Nf6 3.Nc3 g6 4.Bc4 Bg7 5.f3 O-O 6.Be3 a6 7.Qd2 Re8 8.Nge2 c6 9.O-O-O b5 
10.Bd3 Be6 11.d5 cxd5 12.exd5 Nxd5 13.Nxd5 Bxd5 14.Bxg6 fxg6 15.Qxd5+ Kf8 16.Qxa8 Qa5 
17.Qd5 Nd7 18.Nf4 Bxb2+ 19.Kxb2 Rc8 20.Ne6+ Ke8 21.Qb3 b4 22.Rd5 Qa3+ 23.Kb1 Qxb3+ 24.axb3 
Kf7 25.Ng5+ Kg7 26.Bd4+ Kh6 27.Nf7# 1-0

[Event "2008 WA Championship"]
[Site "Legacy House"]
[Date "2008.08.24"]
[Round "8"]
[White "Yeung, Evan"]
[Black "Laugery, Bernard"]
[Result "1-0"]
[WhiteElo "1198"]
[BlackElo "1222"]

1.e4 e6 2.d4 d5 3.exd5 exd5 4.Nf3 Nf6 5.Bb5+ Bd7 6.Bxd7+ Nbxd7 7.Bf4 Be7 8.O-O O-O 9.Re1 Re8 
10.Qd3 Nf8 11.Ne5 Ne6 12.Be3 Bd6 13.Nc3 c6 14.a4 Qc7 15.f4 Nf8 16.Bf2 Ng6 17.Qf5 Ne7 18.Qd3 Ng6 
19.Be3 Re7 20.Ne2 Bxe5 21.fxe5 Ne4 22.c4 Rf8 23.cxd5 cxd5 24.Rac1 Qd7 25.b3 f5 26.Bd2 Nxd2 27.Qxd2 
Re6 28.Nf4 Nxf4 29.Qxf4 Rg6 30.h3 Re6 31.Rc5 b6 32.Rc3 Rc6 33.Rxc6 Qxc6 34.Rc1 Qd7 35.Qf3 Rd8 
36.Qc3 Kf8 37.Qc7 Ke7 38.Qxd7+ Rxd7 39.Kf2 Rb7 40.Kg3 Rd7 41.Kf4 g6 42.Rc8 Kf7 43.Kg5 Kg7 44.Rc6 
h6+ 45.Kf4 Re7 46.Rd6 g5+ 47.Kxf5 Rf7+ 48.Rf6 Rxf6+ 49.exf6+ Kf7 50.Ke5 h5 51.Kxd5 Kxf6 52.Kc6 Ke6 
53.d5+ Ke7 54.Kc7 1-0

[Event "2008 WA Championship"]
[Site "Legacy House"]
[Date "2008.08.24"]
[Round "8"]
[White "Carolin-Unkovich, George"]
[Black "Williams, William"]
[Result "0-1"]
[WhiteElo "929"]
[BlackElo "1020"]

1.d4 d5 2.c4 c6 3.Bf4 e6 4.Nc3 Nf6 5.e3 Bb4 6.a3 Ba5 7.b4 Bc7 8.Bxc7 Qxc7 9.c5 b6 
10.Qa4 Nbd7 11.Bd3 O-O 12.Nf3 Bb7 13.O-O a5 14.Qc2 Ba6 15.b5 cxb5 16.Bxb5 Bxb5 17.Nxb5 
Qc6 18.a4 bxc5 19.dxc5 Qxc5 20.Qxc5 Nxc5 21.Nfd4 Kh8 22.Rfc1 Nd3 23.Rc3 Nb4 24.f3 h6 
25.Nc2 Nxc2 26.Rxc2 Nd7 27.Nd6 Ne5 28.Rc7 Ra6 29.Nb5 Kg8 30.Nd4 Rb8 31.Nb5 Rbb6 32.Rc8+ 
Kh7 33.Rac1 Rc6 34.f4 Rxc1+ 35.Rxc1 Nd3 36.Rc3 Nb4 37.g4 Rc6 38.Rb3 Rc1+ 39.Kg2 Rc2+ 
40.Kg3 Ra2 41.Nc3 Ra1 42.Ne2 Rxa4 43.Nc3 Ra1 44.Rb1 Rxb1 45.Nxb1 a4 46.Na3 Kg6 47.h4 h5 
48.g5 Kf5 49.Kf3 g6 50.Nb5 e5 51.fxe5 Kxe5 52.Kf2 f6 53.Nd4 a3 54.Nb3 fxg5 55.hxg5 a2 
56.Na1 Kf5 57.Kf3 Kxg5 58.Kg3 Kf5 59.Nb3 Ke4 60.Kf2 h4 61.Nd2+ Kd3 0-1

[Event "2008 WA Championship"]
[Site "Legacy House"]
[Date "2008.08.31"]
[Round "9"]
[White "Viswanath, Ganesh"]
[Black "Boyd, Tristan"]
[Result "0-1"]
[WhiteElo "1812"]
[BlackElo "2276"]

1.Nf3 Nf6 2.c4 g6 3.Nc3 Bg7 4.e4 d6 5.d4 O-O 6.Be2 e5 7.O-O Nc6 8.d5 Ne7 9.b4 Nh5 
10.Re1 f5 11.Ng5 Nf6 12.Bf3 c6 13.Qb3 h6 14.Ne6 Bxe6 15.dxe6 fxe4 16.Nxe4 Nxe4 
17.Bxe4 Rf6 18.b5 Rxe6 19.bxc6 bxc6 20.Qh3 Rf6 21.Bxh6 Bxh6 22.Qxh6 Qb6 23.Re3 Qd4 
24.Rf1 Raf8 25.Rh3 Kf7 26.Qe3 Qxe3 27.Rxe3 Rd8 28.Rb1 Rd7 29.Rh3 d5 30.Bd3 Kg7 
31.Rb8 Ng8 32.f3 e4 33.Be2 e3 34.cxd5 cxd5 35.f4 d4 36.Bc4 Nh6 37.g4 Rxf4 38.g5 
Rg4+ 39.Rg3 Rxg3+ 40.hxg3 Nf7 41.Be6 Re7 42.Bc4 e2 0-1

[Event "2008 WA Championship"]
[Site "Legacy House"]
[Date "2008.08.31"]
[Round "9"]
[White "Barber, Haydn"]
[Black "Seah, Eddy"]
[Result "1-0"]
[WhiteElo "2086"]
[BlackElo "1896"]

1.e4 e5 2.Nf3 Nc6 3.Bb5 a6 4.Bxc6 dxc6 5.O-O Bg4 6.h3 h5 7.d3 Qf6 8.Be3 Ne7 9.Nbd2 Ng6 
10.Re1 Bxf3 11.Qxf3 Qxf3 12.Nxf3 c5 13.a4 Be7 14.Kf1 f6 15.Nd2 a5 16.Ke2 b6 17.Nc4 
O-O-O 18.Rg1 Rdf8 19.g4 h4 20.Raf1 Bd6 21.c3 Kd7 22.Rd1 Kc6 23.Rd2 Be7 24.Rf1 Bd6 
25.Rfd1 Be7 26.d4 cxd4 27.cxd4 exd4 28.Rxd4 Rd8 29.Rxd8 Bxd8 30.Rc1 Kb7 31.f4 Re8 
32.Kf3 Be7 33.Rd1 Kc6 34.Rd5 Bb4 35.f5 Ne7 36.Rd4 Nc8 37.b3 Nd6 38.Nxd6 Bxd6 39.Rc4+ 
Kb7 40.g5 Be5 41.Rc2 Rd8 42.Rd2 Rxd2 43.Bxd2 c5 44.g6 Bd6 45.Bc3 Bf8 46.e5 fxe5 
47.Bxe5 b5 48.f6 gxf6 49.Bxf6 c4 50.bxc4 bxa4 51.g7 1-0

[Event "2008 WA Championship"]
[Site "Legacy House"]
[Date "2008.08.31"]
[Round "9"]
[White "Ellis, David"]
[Black "Hare, Tim"]
[Result "1/2-1/2"]
[WhiteElo "1939"]
[BlackElo "1968"]

1.e4 g6 2.Nc3 Bg7 3.g3 c5 4.Bg2 Nc6 5.d3 Rb8 6.f4 d6 7.Nf3 e6 8.O-O Nge7 9.e5 d5 
10.Nb5 O-O 11.c4 f6 12.Qe2 f5 13.Be3 1/2-1/2

[Event "2008 WA Championship"]
[Site "Legacy House"]
[Date "2008.08.31"]
[Round "9"]
[White "Dunlop, Gordon"]
[Black "Kurniawan, Stephanus"]
[Result "0-1"]
[WhiteElo "1889"]
[BlackElo "2145"]

1.e4 e6 2.d4 d5 3.Nc3 Nf6 4.e5 Nfd7 5.Nf3 c5 6.Be3 Nc6 7.dxc5 Ndxe5 8.Nxe5 Nxe5 9.Qd4 Nc6 
10.Bb5 Bd7 11.Bxc6 Bxc6 12.O-O f6 13.f4 Be7 14.Ne2 O-O 15.c4 dxc4 16.Qxc4 Bd5 17.Qd4 Qc7 
18.f5 Rad8 19.Qf4 e5 20.Qf2 Bc4 21.Rac1 Bxa2 22.Ra1 Bc4 23.Rfc1 Bb5 24.Rxa7 Rd3 25.Raa1 
Rfd8 26.b4 Qd7 27.h3 Rb3 28.Nc3 Rxb4 29.Rd1 Bd3 30.Qa2+ Kf8 31.Qa5 Rb2 32.Qa3 Rc2 33.Ra2 
Rxa2 34.Nxa2 Qxf5 35.Nb4 e4 36.Qa7 Qc8 37.Qb6 Qd7 38.c6 bxc6 39.Nxc6 Rc8 40.Nd4 Kg8 
41.Nb3 Bd6 42.Bc5 Bxc5+ 43.Nxc5 Qd4+ 0-1

[Event "2008 WA Championship"]
[Site "Legacy House"]
[Date "2008.08.31"]
[Round "9"]
[White "Sam, Ryan"]
[Black "Choong, Yita"]
[Result "0-1"]
[WhiteElo "1595"]
[BlackElo "1969"]

1.e4 c5 2.Nf3 d6 3.d4 cxd4 4.Nxd4 Nf6 5.Nc3 a6 6.Bg5 e6 7.Bc4 b5 8.Bb3 Be7 9.a3 O-O 
10.Qd3 Qc7 11.O-O Nbd7 12.f4 Nc5 13.Qe2 h6 14.Bh4 Nfxe4 15.Bxe7 Nxc3 16.Qf3 Bb7 
17.Bxd6 Qxd6 18.Qxc3 Nxb3 19.Nxb3 Rac8 20.Qd4 Rxc2 21.Rf2 Qc6 22.Na5 Rc1+ 23.Rxc1 Qxc1+ 
24.Rf1 Qc7 25.Nxb7 Qxb7 26.Rc1 Rb8 27.b4 Qb6 28.Rc5 Rd8 29.Qc3 Rd1+ 30.Kf2 Qd6 31.g3 Rd2+ 
32.Kg1 Qd3 33.Qxd3 Rxd3 34.a4 bxa4 35.Ra5 a3 36.Rxa6 Rb3 37.Kg2 g5 38.b5 gxf4 39.gxf4 Kg7 
40.b6 Kf6 41.Ra5 Rxb6 42.Rxa3 Kf5 43.Kf3 Rb5 44.Rc3 f6 45.Ra3 h5 46.h4 Rb4 47.Ra5+ e5 
48.fxe5 Rb3+ 49.Kg2 fxe5 50.Rc5 Kf4 51.Rc8 Kg4 52.Re8 Re3 53.Kf2 Rf3+ 54.Kg2 Rf5 55.Ra8 
Kxh4 56.Ra3 e4 57.Rh3+ Kg4 58.Rg3+ Kf4 59.Kf2 h4 60.Ra3 Kg4+ 61.Kg2 Rf3 62.Ra8 h3+ 63.Kh2 
Rf2+ 64.Kg1 e3 65.Rg8+ Kf3 66.Rf8+ Ke2 67.Ra8 Rf1+ 68.Kh2 Rd1 69.Kxh3 Ke1 70.Kg2 e2 71.Ra2 
Rc1 72.Ra8 Kd2 73.Rd8+ Kc2 74.Rc8+ Kb2 75.Rb8+ Ka3 76.Ra8+ Kb4 77.Rb8+ Ka5 78.Ra8+ Kb6 
79.Rb8+ Ka7 80.Re8 e1=Q 81.Rxe1 Rxe1 0-1

[Event "2008 WA Championship"]
[Site "Legacy House"]
[Date "2008.08.31"]
[Round "9"]
[White "Holland, Dennis"]
[Black "Dempster, Dave"]
[Result "1-0"]
[WhiteElo "1792"]
[BlackElo "1919"]

1.d4 f5 2.g3 Nf6 3.Bg2 g6 4.Nh3 Bg7 5.Nf4 d6 6.c3 Nc6 7.Qb3 e5 8.Ne6 Bxe6 9.Qxe6+ Qe7 
10.Qxe7+ Kxe7 11.Bxc6 bxc6 12.dxe5 dxe5 13.Na3 Rab8 14.Nc4 Nd5 15.Bg5+ Ke6 16.O-O f4 
17.gxf4 h6 18.f5+ gxf5 19.Bd2 Bf8 20.Kh1 Bd6 21.Rg1 Rbf8 22.Rg6+ Rf6 23.Rag1 Ne7 24.Rxf6+ 
Kxf6 25.b4 f4 26.e4 Ng6 27.Na5 c5 28.b5 Nh4 29.Bc1 Nf3 30.Rf1 a6 31.a4 axb5 32.axb5 Ra8 
33.Nb3 Ra2 34.Kg2 c4 35.Na5 Rxa5 36.Kxf3 Rxb5 37.Ke2 Rb3 38.Bd2 Bc5 39.Ra1 Rb2 40.Rd1 h5 
41.Kf3 Rc2 42.Be1 Ke6 43.Rd5 Bd6 44.Ra5 Rc1 45.Bd2 Rd1 46.Ra2 Kd7 47.Kg2 Bc5 48.Rc2 Ke6 
49.Ra2 Bb6 50.Rc2 Kf6 51.Bc1 Re1 52.Kf3 Kg5 53.Ba3 Rd1 54.Be7+ Kg6 55.h4 Kf7 56.Bg5 Bc5 
57.Bxf4 exf4 58.Kxf4 Be7 59.f3 Rh1 60.Kf5 Rxh4 61.e5 Rh3 62.f4 Rg3 63.Rd2 Rd3 64.Rg2 h4 
65.Rg6 Rg3 66.Rh6 Rg7 67.Rh8 Rg8 68.Rh7+ Ke8 69.Ke6 Rg6+ 70.Kf5 Rg3 71.Ke6 Rg6+ 72.Kf5 
Rb6 73.e6 Rb5+ 74.Kg6 Bf8 75.f5 Re5 76.Rxc7 Re4 77.Kf6 Kd8 78.Rh7 Ke8 79.Ra7 Kd8 80.Ra8+ 
Kc7 81.Rxf8 h3 82.Rh8 Re3 83.Ke7 Kc6 84.f6 Kd5 85.Rh5+ Re5 86.f7 Rxh5 87.f8=Q Rh7+ 88.Qf7 
Rxf7+ 89.exf7 h2 90.f8=Q h1=Q 91.Qa8+ 1-0

[Event "2008 WA Championship"]
[Site "Legacy House"]
[Date "2008.08.31"]
[Round "9"]
[White "Vlietstra, Marc"]
[Black "Boni, Christopher"]
[Result "1/2-1/2"]
[WhiteElo "1922"]
[BlackElo "1391"]

1.h4 d5 2.Nf3 c5 3.c4 d4 4.b4 b6 5.g3 Bb7 6.Bg2 Nf6 7.O-O Nbd7 8.d3 e5 9.Qa4 Qc7 
10.Nxe5 Bxg2 11.Nxd7 Bc6 12.Nxf6+ gxf6 13.b5 Bd7 14.Bf4 Bd6 15.Bxd6 Qxd6 16.Qc2 Bh3 
17.Re1 Rg8 18.Kh2 Bd7 19.e4 Qe6 20.Rh1 Qh3+ 21.Kg1 Rxg3+ 22.fxg3 Qxg3+ 23.Qg2 Qe1+ 
24.Kh2 Qxh4+ 25.Kg1 Qe1+ 26.Qf1 Qg3+ 1/2-1/2

[Event "2008 WA Championship"]
[Site "Legacy House"]
[Date "2008.08.31"]
[Round "9"]
[White "Johnstone, Ray"]
[Black "Booth, Guy"]
[Result "1-0"]
[WhiteElo "1758"]
[BlackElo "1554"]

1.e4 e6 2.d4 d5 3.e5 c5 4.Qg4 cxd4 5.Nf3 Nc6 6.Bd3 h5 7.Qg3 Nh6 8.O-O Bd7 9.Bg5 Qb6 
10.Nbd2 Ne7 11.Bxh6 Rxh6 12.Nb3 O-O-O 13.Nfxd4 Ng6 14.c4 dxc4 15.Bxc4 h4 16.Qe3 h3 
17.Rfc1 Kb8 18.a4 hxg2 19.a5 Qb4 20.a6 Qb6 21.axb7 Bc5 22.Nxc5 a5 23.b4 a4 24.b5 Ne7 
25.Rxa4 Kc7 26.Bxe6 Bxb5 27.Nd7+ Kxb7 28.Nxb6 fxe6 29.Nxb5 Nc6 30.Nd6+ 1-0

[Event "2008 WA Championship"]
[Site "Legacy House"]
[Date "2008.08.31"]
[Round "9"]
[White "Saroha, Chirag"]
[Black "Cuellar, Chris"]
[Result "0-1"]
[WhiteElo "1164"]
[BlackElo "1556"]

1.e4 e6 2.d4 d5 3.Nd2 c5 4.c3 Nc6 5.Ngf3 cxd4 6.Nxd4 Nf6 7.exd5 Nxd4 8.Qa4+ Bd7 9.Qxd4 Nxd5 
10.Bc4 Qb6 11.O-O Qxd4 12.cxd4 Nb4 13.Nf3 Rc8 14.Bb3 Nc2 15.Bxc2 Rxc2 16.Rb1 Bb5 17.Rd1 Be2 
18.Rd2 Rxd2 19.Nxd2 Be7 20.Nf1 O-O 21.Be3 Rc8 22.Ng3 Bb5 23.Rc1 Rxc1+ 24.Bxc1 Bc4 25.a3 a5 
26.f3 b5 27.Kf2 Bd6 28.Ne4 Bc7 29.g3 e5 30.dxe5 Bxe5 31.Ke3 f5 32.f4 Bc7 33.Nf2 Bb6+ 34.Kf3 
Bd4 35.Nd1 Bd5+ 36.Ke2 b4 37.axb4 axb4 38.Ne3 Be4 39.h4 Kf7 40.Bd2 b3 41.Nd1 Kg6 42.Nc3 Kh5 
43.Be1 Kg4 44.Kf1 h6 45.Bd2 Kf3 46.Be1 Bd3+ 0-1

[Event "2008 WA Championship"]
[Site "Legacy House"]
[Date "2008.08.31"]
[Round "9"]
[White "Vahala, Karel"]
[Black "Yeung, Yeung"]
[Result "0-1"]
[WhiteElo "1149"]
[BlackElo "1222"]

1.d4 d5 2.Nf3 Nf6 3.e3 Bf5 4.Nbd2 e6 5.Nh4 Bg6 6.Nxg6 fxg6 7.Bd3 Be7 8.b3 c5 9.Bb2 O-O 
10.Qe2 Nc6 11.a3 Qc7 12.O-O e5 13.c3 e4 14.Bc2 Bd6 15.f4 cxd4 16.cxd4 Ne7 17.g4 Qxc2 
18.Rab1 Qd3 19.Qxd3 exd3 20.h3 Ne4 21.Nf3 Rac8 22.Rbd1 Rc2 23.Rb1 Ng3 24.Rfd1 Ne2+ 
25.Kf1 Nc3 26.Bxc3 Rxc3 0-1